Οικονομική περιβάλλοντος και φυσικών πόρων
Αποθηκεύτηκε σε:
| Κύριος συγγραφέας: | |
|---|---|
| Άλλοι συγγραφείς: | , , |
| Μορφή: | Βιβλίο |
| Γλώσσα: | Greek English |
| Δημοσίευση: |
Αθήνα :
Gutengerg,
2010.
|
| Θέματα: | |
| Ετικέτες: |
Προσθήκη ετικέτας
Δεν υπάρχουν, Καταχωρήστε ετικέτα πρώτοι!
|
MARC
| LEADER | 00000cam a2200000 a 4500 | ||
|---|---|---|---|
| 001 | 1/111466 | ||
| 008 | 160812s2010####gr d ||| |001 |dgre|| | ||
| 020 | |a 9789600113372 | ||
| 040 | |a GR-MyUa |b gre |c GR-MyUa |e AACR2 | ||
| 041 | 1 | |a gre |h eng | |
| 082 | 7 | |a 333.7 |2 (23) | |
| 100 | 1 | |a Tietenberg, Thomas H. | |
| 245 | 1 | 0 | |a Οικονομική περιβάλλοντος και φυσικών πόρων / |c Tom Tietenberg, Lynne Lewis ; μετάφραση: Ανδρέας Σοκοδήμος, επιμέλεια-πρόλογος Ανδρέας Α. Παπανδρέου. |
| 260 | |a Αθήνα : |b Gutengerg, |c 2010. | ||
| 300 | |a 1030 σ. : |b διαγρ. ; |c 24 εκ . | ||
| 504 | |a Περιλαμβάνει βιβλιογραφία και ευρετήριο. | ||
| 650 | 0 | |a Environmental economics. | |
| 700 | 1 | |a Lewis, Lynne. | |
| 700 | 1 | |a Παπανδρέου, Ανδρέας Α. |e edt |e aui | |
| 700 | 1 | |a Σοκοδήμος, Ανδρέας, |e trl | |
| 852 | |a INST |b LESVOS |e 20160812 |h 333.7 TIE |p 005100058457 |q 005100058457 |t BK |y 0 | ||
| 852 | |a INST |b LESVOS |e 20200213 |h 333.7 TIE |p 005100062689 |q 005100062689 |t BK |y 0 | ||
| 852 | |a INST |b LESVOS |c EUDOXUS |e 20170112 |h 333.7 ΤΙΕ |p 005100058142 |q 005100058142 |t EDX |y 0 | ||
| 920 | |a Εύδοξος |b Παραγγελία |y Λέσβος-ΤΠ |z 2016-12 | ||
| 970 | |a Τζαφέρη |b Ευαγγελία |z 12/08/2016 | ||